Riconosci il Pokémon - Quiz n°897 - Statistics

Statistiche generali
  • Questo quiz è stato fatto 3 volte
  • Il punteggio medio è 10 su 10
Statistiche sulle risposte
Indizio Risposta % Corretto
Peso 100,0 kg; 155,5 kg (Megaevoluzione); ???,? kg (Gigamax)
100%
Altezza 2,0 m; 2,4 m (Megaevoluzione); > 24,0 m (Gigamax)
100%
Tasso di cattura 45 (11.9%)
100%
Sesso 87.5% ♂, 12.5% ♀
100%
Abilità Erbaiuto; Clorofilla; Grassospesso (Megaevoluzione)
100%
Tipo Erba / Veleno
100%
Tasso di allevamento Medio-Lento
100%
Generazione Prima
100%
Stadio evoluzione Seconda evoluzione
100%
Pokémon Venusaur
67%
Nessun quiz corrispondente trovato
Distribuzione punteggi
Percentuale di utenti per punteggio
Percentile per numero di risposta
I tuoi punteggi nel tempo
Non hai fatto questo quiz